000 01166nam a2200229Ia 4500
008 220216s9999 xx 000 0 und d
100 _aVilasachandran K
245 2 _aA computer model for assessing agro-climatic and edaphic feasibility for rubber cultivation in the traditional tract
260 _bIndian Journal of Natural Rubber Research
_c1992
300 _a206-216
520 _aA computer model has been designed to access the agro-climatic and edaphic feasibility of an area in traditional tract for commercial rubber cultivation. This model devised in Lotus 1-2-3 employing 'nested @ IF function' is useful to indicate the suitability of an area against each agro-climatic and edaphic factor based on pre-defined suitability indices and to infer the overall agro-climatic and edaphic suitability of an area for commercial rubber cultivation. The model can accomodate changes in suitability indices and is user-friendly.
650 _aHevea
650 _aHevea
650 _aLotus 1-2-3
650 _aLotus 1-2-3
650 _aNested
650 _aNested
700 _aMotial V S
700 _aSharma M R
700 _aUsha K
942 _cAR
999 _c46797
_d46797